Six Sigma Business scorecard / (Record no. 8407)

MARC details
000 -LEADER
fixed length control field 01255nac a22003011u 4500
010 ## - LIBRARY OF CONGRESS CONTROL NUMBER
LC control number 2006033798
020 ## - INTERNATIONAL STANDARD BOOK NUMBER
International Standard Book Number 0071479430 (alk. paper)
020 ## - INTERNATIONAL STANDARD BOOK NUMBER
International Standard Book Number 9780071479431 (alk. paper)
035 ## - SYSTEM CONTROL NUMBER
System control number (OCoLC)ocm72799364
082 00 - DEWEY DECIMAL CLASSIFICATION NUMBER
Classification number 658.4013
Item number GUP
090 ## - LOCALLY ASSIGNED LC-TYPE CALL NUMBER (OCLC); LOCAL CALL NUMBER (OCLC)
-- 8407
-- 8407
100 ## - MAIN ENTRY--PERSONAL NAME
Personal name Gupta, Praveen,
245 10 - TITLE STATEMENT
Title Six Sigma Business scorecard /
Statement of responsibility, etc Praveen Gupta.
250 ## - EDITION STATEMENT
Edition statement 2nd ed.
260 ## - PUBLICATION, DISTRIBUTION, ETC. (IMPRINT)
Place of publication, distribution, etc New York :
Name of publisher, distributor, etc McGraw-Hill,2007.
Date of publication, distribution, etc c2007.
300 ## - PHYSICAL DESCRIPTION
Extent xviii, 310 p. :
Other physical details ill. ;
Dimensions 24 cm.
500 ## - GENERAL NOTE
General note Includes index.
500 ## - GENERAL NOTE
General note Distributer: Al-Ahram
511 ## - PARTICIPANT OR PERFORMER NOTE
Participant or performer note Catalogued by: Sara
650 #0 - SUBJECT ADDED ENTRY--TOPICAL TERM
Topical term or geographic name as entry element Six sigma (Quality control standard)
650 #0 - SUBJECT ADDED ENTRY--TOPICAL TERM
Topical term or geographic name as entry element Quality control
General subdivision Statistical methods.
650 #0 - SUBJECT ADDED ENTRY--TOPICAL TERM
Topical term or geographic name as entry element Production management
General subdivision Statistical methods.
856 41 - ELECTRONIC LOCATION AND ACCESS
Materials specified Table of contents only
Uniform Resource Identifier <a href="http://www.loc.gov/catdir/toc/ecip072/2006033798.html">http://www.loc.gov/catdir/toc/ecip072/2006033798.html</a>
856 41 - ELECTRONIC LOCATION AND ACCESS
Materials specified Contributor biographical information
Uniform Resource Identifier <a href="http://www.loc.gov/catdir/enhancements/fy0701/2006033798-b.html">http://www.loc.gov/catdir/enhancements/fy0701/2006033798-b.html</a>
856 41 - ELECTRONIC LOCATION AND ACCESS
Materials specified Publisher description
Uniform Resource Identifier <a href="http://www.loc.gov/catdir/enhancements/fy0701/2006033798-d.html">http://www.loc.gov/catdir/enhancements/fy0701/2006033798-d.html</a>
942 ## - ADDED ENTRY ELEMENTS (KOHA)
Item type Book - Borrowing
Call number prefix 658.4013GUP
Holdings
Withdrawn status Item status Damaged status Not for loan Home library Current library Shelving location Date acquired Source of acquisition Total Checkouts Total Renewals Full call number Barcode Date last seen Date last borrowed Koha item type
        Central Library Central Library First floor 06/03/2008 Purchase 3 3 658.4013GUP 000010174 15/07/2025 23/04/2015 Book - Borrowing